[Event "NATO-ch 31st"]
[Site "Blankenberge"]
[Date "2021.10.12"]
[Round "2.13"]
[White "Pietruszewski, Marcin"]
[Black "Nilsson, Erik"]
[Result "1-0"]
[WhiteElo "2197"]
[BlackElo "1989"]
[PlyCount "85"]
[EventDate "2021.10.11"]
[EventType "team-swiss"]
[EventRounds "7"]
[EventCountry "BEL"]
[SourceTitle "CBM 204 Extra"]
[Source "ChessBase"]
[SourceDate "2021.11.30"]
[SourceVersion "1"]
[SourceVersionDate "2021.11.30"]
[SourceQuality "1"]
[WhiteTeam "Poland"]
[BlackTeam "Denmark"]
[WhiteTeamCountry "POL"]
[BlackTeamCountry "DEN"]

1. e4 e6 2. d4 d5 3. Nd2 c5 4. Ngf3 cxd4 5. Nxd4 Nc6 6. Bb5 Bd7 7. Nxc6 Bxc6 8. Bxc6+ bxc6 9. c4 dxe4 10. Qa4 Qb6 11. Nxe4 Qb4+ 12. Qxb4 Bxb4+ 13. Ke2 Nf6 14. Nxf6+ gxf6 15. Be3 Bd6 16. Rhd1 Ke7 17. Rd3 Rhb8 18. b3 Rb7 19. Rad1 Bb4 20. Bc1 Rg8 21. a3 Bc5 22. b4 Bb6 23. Kf3 a6 24. a4 c5 25. Be3 Rc8 26. Rd6 a5 27. b5 Rcc7 28. Kg4 Ke8 29. Kh5 Rc8 30. Kh6 Bd8 31. g4 Be7 32. Ra6 Bd8 33. Kxh7 f5 34. gxf5 Bf6 35. Rc6 Rbc7 36. Rxc7 Rxc7 37. b6 Rc8 38. Bh6 Rb8 39. Rb1 Bd4 40. Bg7 e5 41. Bf6 Kd7 42. Kg7 Kc6 43. f3 1-0

[Event "Bialystok Zamenhof Memorial 38th"]
[Site "Bialystok"]
[Date "2019.12.28"]
[Round "3"]
[White "Bialiauski, Artsiom"]
[Black "Pietruszewski, Marcin"]
[Result "1/2-1/2"]
[WhiteElo "1944"]
[BlackElo "2213"]
[PlyCount "75"]
[EventDate "2019.12.27"]
[EventType "swiss"]
[EventRounds "9"]
[EventCountry "POL"]
[SourceTitle "CBM 194 Extra"]
[Source "ChessBase"]
[SourceDate "2020.03.31"]
[SourceVersion "1"]
[SourceVersionDate "2020.03.31"]
[SourceQuality "1"]

1. d4 Nf6 2. Nf3 e6 3. Bf4 c5 4. e3 Nc6 5. c3 Nh5 6. Bg3 Nxg3 7. hxg3 d5 8. Nbd2 Be7 9. Bd3 h6 10. 0-0 0-0 11. Qe2 Qb6 12. Rab1 Bd7 13. dxc5 Qxc5 14. e4 dxe4 15. Nxe4 Qh5 16. Rbd1 Rfd8 17. Bb1 Be8 18. Rxd8 Rxd8 19. Ned2 g6 20. Nb3 Kg7 21. Qe3 Qb5 22. Be4 a5 23. Rb1 b6 24. Nbd4 Nxd4 25. Nxd4 Qa4 26. a3 e5 27. Nf3 f6 28. Qe1 Bf7 29. Rc1 Qb3 30. Rb1 h5 31. Nh4 a4 32. Qe2 b5 33. Bc2 Qd5 34. Rd1 Qc5 35. Rxd8 Bxd8 36. Bxg6 Bxg6 37. Nxg6 Kxg6 38. Qd3+ 1/2-1/2

[Event "Bialystok Zamenhof Memorial 38th"]
[Site "Bialystok"]
[Date "2019.12.27"]
[Round "1"]
[White "Pietruszewski, Marcin"]
[Black "Heberla, Bartlomiej"]
[Result "0-1"]
[WhiteElo "2213"]
[BlackElo "2565"]
[PlyCount "62"]
[EventDate "2019.12.27"]
[EventType "swiss"]
[EventRounds "9"]
[EventCountry "POL"]
[SourceTitle "CBM 194 Extra"]
[Source "ChessBase"]
[SourceDate "2020.03.31"]
[SourceVersion "1"]
[SourceVersionDate "2020.03.31"]
[SourceQuality "1"]

1. e4 c5 2. Nf3 e6 3. d4 cxd4 4. Nxd4 Nf6 5. Nc3 d6 6. Be2 a6 7. 0-0 Nbd7 8. f4 b5 9. Bf3 Bb7 10. a3 Qc7 11. Kh1 Be7 12. Qe1 h5 13. Be3 g6 14. Rd1 e5 15. Nb3 Ng4 16. Bxg4 hxg4 17. f5 Rh5 18. fxg6 fxg6 19. Nd5 Bxd5 20. exd5 Qxc2 21. Na5 Nf6 22. Nc6 Qe4 23. Qa5 Qxe3 24. Qc7 Rxh2+ 25. Kxh2 g3+ 26. Kh3 Qh6+ 27. Kxg3 Ne4+ 28. Kf3 Qf4+ 29. Ke2 Ng3+ 30. Kd3 Qe4+ 31. Kc3 Qc4+ 0-1

[Event "NATO-ch 30th"]
[Site "Berlin"]
[Date "2019.09.16"]
[Round "1.10"]
[White "Pietruszewski, Marcin"]
[Black "Noviks, Maris"]
[Result "1-0"]
[WhiteElo "2215"]
[BlackElo "1905"]
[PlyCount "61"]
[EventDate "2019.09.14"]
[EventType "team-swiss"]
[EventRounds "7"]
[EventCountry "GER"]
[SourceTitle "EXT 2020"]
[Source "ChessBase"]
[SourceDate "2019.10.17"]
[SourceVersion "1"]
[SourceVersionDate "2019.10.17"]
[SourceQuality "1"]
[WhiteTeam "Poland"]
[BlackTeam "Latvia"]
[WhiteTeamCountry "POL"]
[BlackTeamCountry "LAT"]

1. e4 e5 2. Nf3 Nc6 3. Bb5 g6 4. d4 exd4 5. Bg5 Be7 6. Bxe7 Qxe7 7. Bxc6 dxc6 8. Qxd4 Nf6 9. Nc3 Bd7 10. 0-0-0 c5 11. Qe5 Qxe5 12. Nxe5 Be6 13. Nb5 Rc8 14. Nxa7 Ra8 15. Nb5 Rxa2 16. f3 Ra1+ 17. Kd2 Rxd1+ 18. Rxd1 Ke7 19. Nxc7 Bc8 20. Ke3 h5 21. h4 Rg8 22. Kf4 Rf8 23. Rd2 Nd7 24. Nd5+ Ke6 25. Nc4 f6 26. Nc7+ Ke7 27. Rd6 b6 28. Nd5+ Ke8 29. Ncxb6 Kd8 30. Nxd7 Bxd7 31. Rxf6 1-0

[Event "Lisbon Portugal op"]
[Site "Lisbon"]
[Date "2019.02.07"]
[Round "7"]
[White "Fossan, Aleksander"]
[Black "Pietruszewski, Marcin"]
[Result "1/2-1/2"]
[WhiteElo "2040"]
[BlackElo "2226"]
[PlyCount "49"]
[EventDate "2019.02.02"]
[EventType "swiss"]
[EventRounds "9"]
[EventCountry "POR"]
[SourceTitle "CBM 188 Extra"]
[Source "ChessBase"]
[SourceDate "2019.02.26"]
[SourceVersion "1"]
[SourceVersionDate "2019.02.26"]
[SourceQuality "1"]

1. e4 c5 2. c3 Nf6 3. e5 Nd5 4. d4 cxd4 5. Nf3 e6 6. cxd4 d6 7. Bc4 Be7 8. 0-0 0-0 9. Re1 b6 10. Bxd5 exd5 11. Nc3 Bb7 12. Bf4 Na6 13. Qe2 dxe5 14. Nxe5 Bf6 15. Qg4 Re8 16. Nb5 Re7 17. Rac1 Nb4 18. Re3 Nxa2 19. Rce1 Nb4 20. Nd6 Bc8 21. Qg3 Bd7 22. Bg5 Bxg5 23. Qxg5 f6 24. Qf4 Ba4 25. Ng4 1/2-1/2

[Event "Warsaw-chA 67th"]
[Site "Warsaw"]
[Date "2018.11.16"]
[Round "5"]
[White "Pietruszewski, Marcin"]
[Black "Grochulski, Grzegorz"]
[Result "1-0"]
[WhiteElo "2242"]
[BlackElo "1996"]
[PlyCount "74"]
[EventDate "2018.11.12"]
[EventType "swiss"]
[EventRounds "9"]
[EventCountry "POL"]
[SourceTitle "CBM 187 Extra"]
[Source "ChessBase"]
[SourceDate "2018.11.04"]
[SourceVersion "1"]
[SourceVersionDate "2018.11.04"]
[SourceQuality "1"]

1. e4 e5 2. Nf3 Nc6 3. d4 exd4 4. Nxd4 Nf6 5. Nxc6 bxc6 6. e5 Qe7 7. Qe2 Nd5 8. h4 d6 9. c4 Nb6 10. exd6 cxd6 11. Nc3 Ba6 12. b3 g6 13. Rh3 Qxe2+ 14. Bxe2 Bc8 15. Re3+ Be6 16. Bf3 Kd7 17. Bb2 Bh6 18. Re2 Bf5 19. c5 dxc5 20. Rd1+ Kc7 21. Nb5+ cxb5 22. Be5+ Kc8 23. Bxh8 Be6 24. Rd6 Rb8 25. Be5 Nd7 26. Rc6+ Kd8 27. Bxb8 Nxb8 28. Rxc5 a6 29. Bb7 Bf8 30. Rc1 Bb4+ 31. Kf1 Bd6 32. Bxa6 Nxa6 33. Rc6 Ke7 34. Rxa6 b4 35. Re4 f5 36. Rxd6 Kxd6 37. Rxb4 Kd5 1-0

[Event "Warsaw-chA 67th"]
[Site "Warsaw"]
[Date "2018.11.13"]
[Round "2"]
[White "Golecki, Jan"]
[Black "Pietruszewski, Marcin"]
[Result "1-0"]
[WhiteElo "2029"]
[BlackElo "2242"]
[PlyCount "99"]
[EventDate "2018.11.12"]
[EventType "swiss"]
[EventRounds "9"]
[EventCountry "POL"]
[SourceTitle "CBM 187 Extra"]
[Source "ChessBase"]
[SourceDate "2018.11.04"]
[SourceVersion "1"]
[SourceVersionDate "2018.11.04"]
[SourceQuality "1"]

1. e4 c5 2. Nf3 e6 3. d4 cxd4 4. Nxd4 a6 5. c4 Qc7 6. Nc3 Nf6 7. Qe2 d6 8. g3 b6 9. Bg2 Bb7 10. 0-0 Nbd7 11. Bd2 Be7 12. Rac1 0-0 13. f4 Rac8 14. b3 Rfe8 15. f5 exf5 16. Nxf5 Bf8 17. Nd5 Bxd5 18. cxd5 Qb7 19. Bc3 Qxd5 20. Bxf6 Rxc1 21. Nh6+ Kh8 22. Rxc1 Nxf6 23. exd5 Rxe2 24. Nxf7+ Kg8 25. Ng5 Re5 26. Ne6 Be7 27. Rc7 Kf7 28. Nd8+ Ke8 29. Nc6 Re3 30. h3 Nd7 31. Kf2 Rd3 32. Be4 Rd2+ 33. Ke1 Bg5 34. h4 Bh6 35. Bxh7 Ne5 36. Rc8+ Kf7 37. Nxe5+ dxe5 38. g4 Bf4 39. Rb8 b5 40. Bg8+ Ke7 41. Rb7+ Kd6 42. Rxg7 Kc5 43. Rc7+ Kd4 44. d6 Ke3 45. Rc3+ Kd4 46. Rf3 Be3 47. Bh7 e4 48. d7 exf3 49. d8Q+ Kc3 50. Qf6+ 1-0

[Event "Barcelona Sants op 20th"]
[Site "Barcelona"]
[Date "2018.08.18"]
[Round "2"]
[White "Diaz Camallonga, Carles"]
[Black "Pietruszewski, Marcin"]
[Result "1-0"]
[WhiteElo "2445"]
[BlackElo "2208"]
[PlyCount "65"]
[EventDate "2018.08.17"]
[EventType "swiss"]
[EventRounds "10"]
[EventCountry "ESP"]
[SourceTitle "CBM 186 Extra"]
[Source "ChessBase"]
[SourceDate "2018.08.24"]
[SourceVersion "1"]
[SourceVersionDate "2018.08.24"]
[SourceQuality "1"]

1. e4 c6 2. Nc3 d5 3. Nf3 Nf6 4. e5 Ne4 5. Ne2 Qb6 6. d4 e6 7. Ng3 c5 8. Bd3 Nxg3 9. fxg3 h6 10. 0-0 Nc6 11. dxc5 Qxc5+ 12. Kh1 g6 13. Qe2 Bg7 14. c3 Bd7 15. Bd2 g5 16. b4 Qe7 17. g4 0-0 18. Bc2 f6 19. Qd3 Bh8 20. exf6 Bxf6 21. Rae1 Qg7 22. Bb3 Kh8 23. c4 Ne7 24. Be3 e5 25. cxd5 Bxg4 26. Nd2 Rad8 27. Ne4 Be6 28. Bc5 b6 29. Bd6 Rxd6 30. Nxd6 Bg8 31. Ne4 Ng6 32. g3 Bd8 33. d6 1-0

[Event "Suwalki Warakomska Memorial-A op"]
[Site "Suwalki"]
[Date "2018.08.08"]
[Round "9"]
[White "Pietruszewski, Marcin"]
[Black "Bykovskiy, Oleg"]
[Result "0-1"]
[WhiteElo "2208"]
[BlackElo "2261"]
[PlyCount "116"]
[EventDate "2018.08.01"]
[EventType "swiss"]
[EventRounds "9"]
[EventCountry "POL"]
[SourceTitle "CBM 185 Extra"]
[Source "ChessBase"]
[SourceDate "2018.07.29"]
[SourceVersion "1"]
[SourceVersionDate "2018.07.29"]
[SourceQuality "1"]
[WhiteTeam "Poland"]
[BlackTeam "Ukraine"]
[WhiteTeamCountry "POL"]
[BlackTeamCountry "UKR"]

1. e4 e6 2. d4 b6 3. Nc3 Bb7 4. Bd3 Nf6 5. Nf3 Bb4 6. Qe2 d5 7. exd5 Bxc3+ 8. bxc3 Qxd5 9. 0-0 0-0 10. Bg5 Nbd7 11. c4 Qa5 12. Ne5 h6 13. Bd2 Qa4 14. f4 Rad8 15. c3 c5 16. Rad1 Rfe8 17. Bc1 Nb8 18. f5 cxd4 19. cxd4 Nc6 20. Bb2 exf5 21. Bxf5 Qb4 22. Bb1 Nxe5 23. dxe5 Qc5+ 24. Kh1 Rxd1 25. Rxd1 Qc6 26. Qf2 Ng4 27. Qc2 g6 28. Re1 Qc5 29. e6 Nf2+ 30. Kg1 Rxe6 31. Rxe6 Nh3+ 32. Kf1 Qg1+ 33. Ke2 Nf4+ 34. Kd2 Qxg2+ 35. Kc3 Qxc2+ 36. Bxc2 Nxe6 37. Kb4 Bc6 38. Ba4 Bxa4 39. Kxa4 f5 40. Kb5 f4 41. Be5 f3 42. Bg3 Nc5 43. a4 Kf7 44. Bf2 Ne4 45. Bd4 Nd6+ 46. Kb4 Ke6 47. c5 bxc5+ 48. Kxc5 Ne4+ 49. Kc6 f2 50. Bxf2 Nxf2 51. a5 Nd3 52. Kb7 Kd7 53. Kxa7 Kc6 54. Kb8 Nc5 55. Kc8 g5 56. Kd8 g4 57. Ke7 h5 58. Kf6 h4 0-1

[Event "Suwalki Warakomska Memorial-A op"]
[Site "Suwalki"]
[Date "2018.08.02"]
[Round "2"]
[White "Karthik, Venkataraman"]
[Black "Pietruszewski, Marcin"]
[Result "1-0"]
[WhiteElo "2514"]
[BlackElo "2208"]
[PlyCount "117"]
[EventDate "2018.08.01"]
[EventType "swiss"]
[EventRounds "9"]
[EventCountry "POL"]
[SourceTitle "CBM 185 Extra"]
[Source "ChessBase"]
[SourceDate "2018.07.29"]
[SourceVersion "1"]
[SourceVersionDate "2018.07.29"]
[SourceQuality "1"]

1. Nf3 Nf6 2. g3 d5 3. Bg2 c6 4. 0-0 Bg4 5. d3 Nbd7 6. h3 Bxf3 7. Bxf3 e5 8. e4 dxe4 9. dxe4 Bc5 10. Qe2 0-0 11. Nd2 Qe7 12. a4 a5 13. Nc4 Rfd8 14. Bd2 Bb4 15. Be3 Ne8 16. Rfd1 Nd6 17. Nb6 Nxb6 18. Bxb6 Re8 19. Bg4 h5 20. Bxh5 Ra6 21. Be3 Nxe4 22. Qc4 Nf6 23. Bg5 Raa8 24. c3 Bd6 25. Rxd6 Qxd6 26. Bxf7+ Kf8 27. Bxe8 Rxe8 28. Be3 Qd5 29. Qe2 Kf7 30. Rd1 Qe4 31. b3 Rh8 32. Qc4+ Qxc4 33. bxc4 Ke6 34. Rb1 Ne4 35. Rxb7 Nxc3 36. Rxg7 Nxa4 37. h4 Nb2 38. Rg6+ Kf7 39. Rxc6 Ra8 40. Bc1 Nd3 41. Ba3 Rb8 42. Ra6 Rb3 43. Rxa5 Ke6 44. Kg2 Kf5 45. h5 Kg4 46. h6 e4 47. Kf1 Rb1+ 48. Ke2 Re1+ 49. Kd2 Rh1 50. Ra6 Nxf2 51. Ke3 Kxg3 52. Rg6+ Ng4+ 53. Kxe4 Re1+ 54. Kd5 Kf4 55. Bb2 Rh1 56. Bg7 Ne3+ 57. Kc5 Rc1 58. h7 Rxc4+ 59. Kb5 1-0

[Event "Suwalki Warakomska Memorial-A op"]
[Site "Suwalki"]
[Date "2018.08.01"]
[Round "1"]
[White "Pietruszewski, Marcin"]
[Black "Socko, Monika"]
[Result "1-0"]
[WhiteElo "2208"]
[BlackElo "2464"]
[PlyCount "69"]
[EventDate "2018.08.01"]
[EventType "swiss"]
[EventRounds "9"]
[EventCountry "POL"]
[SourceTitle "CBM 185 Extra"]
[Source "ChessBase"]
[SourceDate "2018.07.29"]
[SourceVersion "1"]
[SourceVersionDate "2018.07.29"]
[SourceQuality "1"]

1. e4 c6 2. d4 d5 3. e5 c5 4. dxc5 e6 5. a3 Bxc5 6. b4 Be7 7. Qg4 g5 8. Bd3 Nc6 9. Bb2 Qc7 10. Qe2 Bd7 11. Nd2 h5 12. c4 d4 13. Ngf3 g4 14. Nxd4 Nxd4 15. Bxd4 Bc6 16. Ne4 Bxe4 17. Bxe4 Nh6 18. c5 0-0-0 19. 0-0-0 f5 20. exf6 Rxd4 21. Rxd4 Bxf6 22. Rhd1 Bxd4 23. Rxd4 Nf7 24. Bc2 Nd8 25. Rd6 Rf8 26. Bb3 Qg7 27. Kb1 Qg6+ 28. Ka2 Rf6 29. Rd2 Qg5 30. Qd3 Rf7 31. Qd6 Qe7 32. Qe5 Rf5 33. Rxd8+ Kxd8 34. Qb8+ Kd7 35. Ba4+ 1-0